| 000 | 00734nam a2200241Ia 4500 | ||
|---|---|---|---|
| 001 | dia_1446 | ||
| 003 | CHAP | ||
| 005 | 20251021145733.0 | ||
| 008 | 220117s1963 xx 000 0 und d | ||
| 010 | _a171986 | ||
| 040 | _cCHAP | ||
| 082 | _a616.46 O62 | ||
| 110 |
_aOrganización Mundial de la Salud _983555 |
||
| 245 |
_aMalnutrition and Disease; a Major Problem of the Human Race / _c por la Organización Mundial de la Salud |
||
| 260 |
_aGeneva. World Health Organization _c1963 |
||
| 300 | _a47 p. | ||
| 410 | _a(FFHC BASIC STUDY, 12) | ||
| 650 |
_a1.Nutrición humana _9150766 |
||
| 901 | _a616.46 O62 | ||
| 902 | _aM | ||
| 905 | _a0000001963 GENX 0000000000ING00 | ||
| 942 |
_cLIBRO _2ddc |
||
| 999 |
_c171986 _d171986 |
||